Piłkarze z naszybciej zdobytymi 150 bramkami dla jednego klubu - Statystyki

Ogólne statystyki
  • Ten quiz został rozwiązany 47 razy
  • Średni wynik to 7 z 10
Statystyki odpowiedzi
Liczba występów Klub Piłkarz % Poprawnych
149 Real Madryt Cristiano Ronaldo
100%
193 Bayern Monachium Robert Lewandowski
89%
173 Manchester City Erling Haaland
87%
196 PSG Kylian Mbappé
71%
197 FC Barcelona Luis Suárez
69%
176 PSG Zlatan Ibrahimović
69%
223 Manchester City Sergio Agüero
67%
216 PSG Edison Cavani
56%
217 Lazio Ciro Immobile
53%
214 Manchester United Ruud Van Nistelrooy
24%
Nie znaleziono quizów pasujących do podanych kryteriów
Rozkład punktacji
Procent ludzi z każdym wynikiem
Percentyl według liczby udzielonych odpowiedzi
Twoja historia wyników
Nie rozwiązałeś tego quizu